书目信息 |
| 题名: |
CMOS模拟集成电路版图设计与验证
|
|
| 作者: | 尹飞飞 编著 | |
| 分册: | ||
| 出版信息: | 北京 电子工业出版社 2016.09 |
|
| 页数: | 264页 | |
| 开本: | 26cm | |
| 丛书名: | ||
| 单 册: | ||
| 中图分类: | TN432.02 | |
| 科图分类: | ||
| 主题词: | CMOS电路--CMOSdian lu--模拟集成电路--电路设计 | |
| 电子资源: | ||
| ISBN: | 978-7-121-29807-3 | |
| 000 | 01117nam0 2200241 450 | |
| 001 | 0106081921 | |
| 005 | 20201106082048.0 | |
| 010 | @a978-7-121-29807-3@dCNY48.00 | |
| 100 | @a20181129e20202016em y0chiy50 ea | |
| 101 | 0 | @achi |
| 102 | @aCN@b110000 | |
| 105 | @ay z 000yy | |
| 106 | @ar | |
| 200 | 1 | @aCMOS模拟集成电路版图设计与验证@ACMOS mo ni ji cheng dian lu ban tu she ji yu yan zheng@e基于Cadence Virtuoso与Mentor Calibre@f尹飞飞[等]编著 |
| 210 | @a北京@c电子工业出版社@d2016.09@h2020.08 | |
| 215 | @a264页@d26cm | |
| 304 | @a编著者还有:陈钺颖、范军、王鑫 | |
| 330 | @a本书依托CadenceVirtuoso版图设计工具与MentorCalibre版图验证工具,采取循序渐进的方式,介绍利用CadenceVirtuoso与MentorCalibre进行CMOS模拟集成电路版图设计、验证的基础知识和方法,内容涵盖了CMOS模拟集成电路版图基础知识,CadenceVirtuoso与MentorCalibre的基本概况、操作界面和使用方法,CMOS模拟集成电路从设计到流片的完整流程。 | |
| 606 | 0 | @aCMOS电路@ACMOSdian lu@x模拟集成电路@x电路设计 |
| 690 | @aTN432.02@v5 | |
| 701 | 0 | @a尹飞飞@Ayin fei fei@c(女,@f1979~)@4编著 |
| 801 | 0 | @aCN@bBJSZM@c20201106 |
| 905 | @b1194692-5@dTN432.02@e186@f4 | |
| CMOS模拟集成电路版图设计与验证:基于Cadence Virtuoso与Mentor Calibre/尹飞飞[等]编著.-北京:电子工业出版社,2016.09(2020.08) |
| 264页;26cm |
| ISBN 978-7-121-29807-3:CNY48.00 |
| 本书依托CadenceVirtuoso版图设计工具与MentorCalibre版图验证工具,采取循序渐进的方式,介绍利用CadenceVirtuoso与MentorCalibre进行CMOS模拟集成电路版图设计、验证的基础知识和方法,内容涵盖了CMOS模拟集成电路版图基础知识,CadenceVirtuoso与MentorCalibre的基本概况、操作界面和使用方法,CMOS模拟集成电路从设计到流片的完整流程。 |
| ● |
| 相关链接 |
|
|
|
|
正题名:CMOS模拟集成电路版图设计与验证
索取号:TN432.02/186
 
预约/预借
| 序号 | 登录号 | 条形码 | 馆藏地/架位号 | 状态 | 备注 |
| 1 | 1194692 | 211946929 | 第二样本阅览室/ [索取号:TN432.02/186] | 在馆 | |
| 2 | 1194693 | 211946938 | 第三借阅区/ [索取号:TN432.02/186] | 在馆 | |
| 3 | 1194694 | 211946947 | 第三借阅区/ [索取号:TN432.02/186] | 在馆 | |
| 4 | 1194695 | 211946956 | 第三借阅区/ [索取号:TN432.02/186] | 在馆 |